000 00588nam a2200217 a 4500
001 BRCA_7132
005 20190321142929.0
008 110112s1919----gw-a######---#000-0#ger-#
041 _ager
044 _agw
050 4 _b.K64 1911
100 1 _aKoebner, Franz Wolfgang
_917717
245 1 0 _aDer Mann von Welt
_bein Herrenbrevier
_cherausgegeben von F. W. Koebner.
260 _aBerlín
_bDr. Eysler & Co.
_c1919
300 _a135 p.
_bil.
_c22 cm.
500 _aEstado físico: parte del lomo roto
500 _aO167
650 1 4 _aFicción
_916263
902 _aGFM
942 _2lcc
_cB
999 _c6813
_d6813